| 000 | 01055nam a22003257a 4500 | ||
|---|---|---|---|
| 003 | CHAP | ||
| 005 | 20220817042644.0 | ||
| 008 | 971013s1973 r 00010 d | ||
| 010 | _a51235 | ||
| 011 | _a52207 | ||
| 035 | _a56357 | ||
| 040 | _cCHAP | ||
| 082 |
_a972.081 _bR6 |
||
| 100 | 0 | 0 |
_aRoeder, Ralph. _999026 |
| 245 | _aHacia el México moderno ; Porfirio Díaz | ||
| 260 |
_aMéxico, D. F. : _bFondo de Cultura Económica, _c1973 |
||
| 300 | _a2 v. | ||
| 490 | _aSección de obras de historia | ||
| 590 |
_aBATCH-UPD _b10 _c20130110 _lUCH01 _h0503 |
||
| 590 |
_aBATCH-UPD _b10 _c20130410 _lUCH01 _h0141 |
||
| 590 |
_aBATCH-UPD _b10 _c20130914 _lUCH01 _h1218 |
||
| 590 |
_aCONVERSION _b10 _c20130109 _lUCH01 _h1328 |
||
| 650 | 1 | 4 |
_aDíaz, Porfirio, _y1830-1915. _933693 |
| 650 | 1 | 4 |
_aMéxico _xHistoria. |
| 830 | 0 |
_aSección de obras de historia _9103507 |
|
| 901 | _aBK | ||
| 942 | _cLIBRO | ||
| 949 |
_a972.081 R6 _bBC _cLIBRO _d-123149 _eLIBRO _fv.1 _h40782 _i56357 _si |
||
| 949 |
_a972.081 R6 _bBC _cLIBRO _d33724000148292 _eLIBRO _fv.2 _h40783 _i56357 _si |
||
| 999 |
_c51235 _d51235 |
||